[Event "Leipzig VfB op 25th"]
[Site "Leipzig"]
[Date "2018.03.21"]
[Round "2"]
[White "Voland, Rolf"]
[Black "Schmidt, Joerg"]
[Result "0-1"]
[WhiteElo "1497"]
[BlackElo "2003"]
[PlyCount "62"]
[EventDate "2018.03.20"]
[EventType "swiss"]
[EventRounds "9"]
[EventCountry "GER"]
[SourceTitle "CBM 183 Extra"]
[Source "ChessBase"]
[SourceDate "2018.04.19"]
[SourceVersion "1"]
[SourceVersionDate "2018.04.19"]
[SourceQuality "1"]

1. e4 c5 2. Nf3 e6 3. d4 cxd4 4. Nxd4 Nf6 5. Nc3 d6 6. Be2 Be7 7. 0-0 0-0 8. Be3 Nc6 9. Nb3 a6 10. a4 b6 11. Qd2 Bb7 12. Bf3 Ne5 13. Qe2 Qc7 14. a5 b5 15. Bb6 Qc8 16. Rfd1 Nc4 17. Rab1 Nd7 18. Bd4 Nde5 19. Bxe5 Nxe5 20. Nd2 Qc7 21. Ra1 Bf6 22. Qe3 Rac8 23. Nf1 Nc4 24. Qf4 Nxb2 25. Ne2 Nxd1 26. Rxd1 Be5 27. Qg4 Qxc2 28. Neg3 f5 29. Qh5 Bxe4 30. Bxe4 fxe4 31. Ne3 Qxf2+ 0-1

[Event "Leipzig VfB op 10th"]
[Site "Leipzig"]
[Date "2003.03.16"]
[Round "9"]
[White "Boehme, Sebastian"]
[Black "Voland, Rolf"]
[Result "0-1"]
[WhiteElo "1365"]
[BlackElo "1462"]
[PlyCount "62"]
[EventDate "2003.03.11"]
[EventType "swiss"]
[EventRounds "9"]
[EventCountry "GER"]
[SourceTitle "EXT 2008"]
[Source "ChessBase"]
[SourceDate "2007.11.25"]
[SourceVersion "1"]
[SourceVersionDate "2007.11.25"]
[SourceQuality "1"]

1. e4 Nf6 2. e5 Nd5 3. d4 d6 4. c4 Nb6 5. f4 dxe5 6. fxe5 Nc6 7. Nf3 Bg4 8. Be3 e6 9. Nbd2 Bb4 10. a3 Bxf3 11. gxf3 Be7 12. Ne4 a5 13. Be2 Bh4+ 14. Kf1 a4 15. Rg1 Kf8 16. Rg4 Ne7 17. Ng3 Ng6 18. Qd2 h6 19. Bd3 h5 20. Bg5 Bxg5 21. Rxg5 Qxd4 22. Qb4+ c5 23. Qc3 Qf4 24. Ne4 Qxf3+ 25. Kg1 Nf4 26. Nf2 Rd8 27. Rg3 Qc6 28. Be4 Qc7 29. Bf3 Rh6 30. Qe3 Ng6 31. Be4 Nxc4 0-1